000 00244nam a2200097Ia 4500
001 1145712
005 20250827010238.0
008 250824s9999 xx 000 0 und d
245 0 _aŞİİRLER
_cAHMET MUHİP DIRANAS
260 _bEVEREST YAYINLARI
999 _c1145712
_d1145712